000 00636nam a22002177a 4500
005 20130902152205.0
010 _aENG-108397
020 _c375.00
_a9788120348257
035 _aEN-91930
037 _bDBAD/PUB
082 _a346.07
100 _aSulphey, M.M.
245 0 0 _aLaws for business /
_cby M.M. Sulphey [and] Az-har Basheer
250 _a2nd ed
260 _aDelhi
_bPHI Learning
_c2013
270 _aRimjhim house,111, Patparganj Industrial Estate
_bDelhi
_e110092
300 _axxi,429p. :
_c24cm(pbk)
_bill.
500 _aIncludes index
700 _aBasheer, Az-har
942 _2ddc
_cEN
_mSUL
_h346.07
999 _c78891
_d78891